|
|
|
|
| LEADER |
00000nam0a2200000 4500 |
| 001 |
314311 |
| 005 |
20231102002650.0 |
| 020 |
|
|
|a RU
|b 82-57971
|
| 035 |
|
|
|a (RuTPU)RU\TPU\book\339722
|
| 090 |
|
|
|a 314311
|
| 100 |
|
|
|a 20160211d1982 k y0rusy5003 ca
|
| 101 |
0 |
|
|a rus
|
| 105 |
|
|
|a y z 001zy
|
| 200 |
1 |
|
|a Геохимия раннепротерозойского литогенеза (на примере северо-востока Балтийского щита)
|e [монография]
|f В. А. Мележик, А. А. Предовский
|g Академия наук СССР (АН СССР), Геологический институт (ГИН), Кольский филиал
|
| 210 |
|
|
|a Ленинград
|c Наука
|d 1982
|
| 215 |
|
|
|a 208 с.
|c ил.
|d 21 см.
|
| 320 |
|
|
|a Библиогр.: с. 198-207
|
| 606 |
1 |
|
|a Геохимия
|2 stltpush
|3 (RuTPU)RU\TPU\subj\6296
|9 34219
|
| 606 |
1 |
|
|a Протерозойские отложения
|2 stltpush
|3 (RuTPU)RU\TPU\subj\52851
|9 71240
|
| 610 |
1 |
|
|a Балтийский щит
|
| 610 |
1 |
|
|a осадочно-вулканогенные комплексы
|
| 610 |
1 |
|
|a метаосадочные породы
|
| 610 |
1 |
|
|a литология
|
| 610 |
1 |
|
|a седиментация
|
| 610 |
1 |
|
|a Карельский палеобассейн
|
| 610 |
1 |
|
|a фациальные типы
|
| 610 |
1 |
|
|a элементы
|
| 610 |
1 |
|
|a распределение
|
| 610 |
1 |
|
|a монографии
|
| 675 |
|
|
|a 550.4
|z rus
|v 4
|
| 675 |
|
|
|a 551.72
|z rus
|v 4
|
| 700 |
|
1 |
|a Мележик
|b В. А.
|g Виктор Александрович
|
| 701 |
|
1 |
|a Предовский
|b А. А.
|g Александр Александрович
|
| 712 |
0 |
2 |
|a Академия наук СССР (АН СССР)
|b Геологический институт (ГИН)
|b Кольский филиал
|c (Москва)
|2 stltpush
|3 (RuTPU)RU\TPU\col\11354
|
| 801 |
|
0 |
|a RU
|b RuMRKP
|c 19950704
|g psbo
|
| 801 |
|
1 |
|a RU
|b 63413507
|c 20160211
|
| 801 |
|
2 |
|a RU
|b 63413507
|c 20200629
|g RCR
|
| 942 |
|
|
|c BK
|